Statistics for 唯一的国家……

Click here to take the quiz!

General Stats

  • This quiz has been taken 2 156 times
  • The average score is 6 of 12

Answer Stats

HintAnswer% Correct
国土不足 1 km²梵蒂冈
97%
拥有超过 1000 只野生老虎印度
88%
在“二战”中它的首都及这个国家本身分裂为二德国
86%
宗教被禁止朝鲜
56%
在2010年后宣布独立南苏丹
52%
大约有 5 百万 km² 国土面积是没有国际陆地边界的澳大利亚
50%
每年生产超过 200,0000 公吨咖啡巴西
49%
结束了它的核能研究事业南非
31%
拥有 20,0000+ 个岛屿瑞典
26%
流浪狗在这里不再存在荷兰
11%
拥有超过 5 百万头骆驼索马里
7%
拥有超过 20 种官方语言玻利维亚
6%

Score Distribution

Percentile by Number Answered

Percent of People with Each Score

Your Score History

You have not taken this quiz